000 00211 a2200097 4500
020 _a9780241634356
100 _aElizabeth Strout
245 _aTell me everything
260 _bPenguin/Viking
_c2024
942 _cOO
999 _c115210
_d115209